[Event "Troisdorf op "]
[Site "Troisdorf"]
[Date "2010.11.23"]
[Round "5"]
[White "Burmeister, Markus"]
[Black "Rettke, Joerg"]
[Result "0-1"]
[WhiteElo "1693"]
[BlackElo "1925"]
[PlyCount "30"]
[EventDate "2010.10.26"]
[EventType "swiss"]
[EventRounds "7"]
[EventCountry "GER"]
[SourceTitle "EXT 2013"]
[Source "ChessBase"]
[SourceDate "2012.11.22"]
[SourceVersion "1"]
[SourceVersionDate "2012.11.22"]
[SourceQuality "1"]

1. e4 e5 2. Nf3 Nc6 3. Bb5 Nf6 4. 0-0 Nxe4 5. d4 Nd6 6. Bxc6 dxc6 7. Nxe5 Be6 8. Bf4 Qf6 9. Bg3 0-0-0 10. c3 h5 11. h3 g5 12. f4 g4 13. hxg4 hxg4 14. f5 Nxf5 15. Nxg4 Rh1+ 0-1

[Event "Troisdorf op"]
[Site "Troisdorf"]
[Date "2009.12.08"]
[Round "7"]
[White "Burmeister, Markus"]
[Black "Moews, Thomas"]
[Result "1/2-1/2"]
[WhiteElo "1570"]
[BlackElo "1715"]
[PlyCount "132"]
[EventDate "2009.10.27"]
[EventType "swiss"]
[EventRounds "7"]
[EventCountry "GER"]
[SourceTitle "EXT 2011"]
[Source "ChessBase"]
[SourceDate "2010.11.26"]
[SourceVersion "1"]
[SourceVersionDate "2010.11.26"]
[SourceQuality "1"]

1. e4 c5 2. Nf3 Nc6 3. d4 cxd4 4. Nxd4 e5 5. Nb3 Nf6 6. f3 d5 7. exd5 Nxd5 8. c4 Bb4+ 9. Bd2 Ne3 10. Qc1 Bf5 11. Na3 Bxa3 12. Bxe3 Bb4+ 13. Bd2 0-0 14. a3 Be7 15. Be2 Rc8 16. Be3 Nd4 17. Nxd4 exd4 18. Bf2 d3 19. Bf1 Bg5 20. Qc3 Re8+ 21. Kd1 b5 22. c5 Bf6 23. Qb4 Re2 24. Bxe2 dxe2+ 25. Ke1 Qd3 26. Rc1 Bg5 27. Qc3 Qd5 28. Be3 Bf6 29. Qd2 Qxd2+ 30. Kxd2 Bxb2 31. Rb1 Bxb1 32. Rxb1 Bxa3 33. Rxb5 a5 34. Kxe2 Bb4 35. Rb6 Kf8 36. Ra6 Ke8 37. Kd3 Kd7 38. Kc4 Rc7 39. Kd5 Bc3 40. c6+ Ke7 41. Bc5+ Kf6 42. Bd6 Rc8 43. c7 h5 44. Be5+ Kf5 45. Bxc3 Rxc7 46. Rxa5 Rc8 47. Kd4+ Kg6 48. h4 Re8 49. Re5 Rd8+ 50. Ke4 f6 51. Rd5 Re8+ 52. Kf4 Re2 53. Kg3 Rc2 54. Bd2 Rc4 55. f4 Ra4 56. f5+ Kh7 57. Be1 Re4 58. Bf2 Rg4+ 59. Kf3 Rc4 60. g3 Ra4 61. Rd7 Ra5 62. Ke4 Ra4+ 63. Bd4 Kh6 64. Kd5 Ra3 65. Bf2 Rf3 66. Be1 Rxf5+ 1/2-1/2

[Event "Troisdorf op"]
[Site "Troisdorf"]
[Date "2009.12.01"]
[Round "6"]
[White "Sanders, Frank"]
[Black "Burmeister, Markus"]
[Result "0-1"]
[WhiteElo "1782"]
[BlackElo "1570"]
[PlyCount "58"]
[EventDate "2009.10.27"]
[EventType "swiss"]
[EventRounds "7"]
[EventCountry "GER"]
[SourceTitle "EXT 2011"]
[Source "ChessBase"]
[SourceDate "2010.11.26"]
[SourceVersion "1"]
[SourceVersionDate "2010.11.26"]
[SourceQuality "1"]

1. e4 e5 2. Nf3 Nc6 3. Nc3 Nf6 4. g3 Bc5 5. Bg2 d6 6. d3 a6 7. 0-0 0-0 8. Bg5 h6 9. Bd2 Be6 10. h3 Nh7 11. Kh2 f5 12. exf5 Bxf5 13. Nh4 Bd7 14. Bd5+ Rf7 15. Bxf7+ Kxf7 16. f4 Kg8 17. Ne4 Ba7 18. b4 Qe7 19. f5 d5 20. Nc5 Bxc5 21. bxc5 Nf6 22. Rb1 Rb8 23. Rb4 Qxc5 24. Rb2 b5 25. Qe1 e4 26. dxe4 Nxe4 27. Ng2 Re8 28. Rb4 Nxd2 29. Qxd2 Qxb4 0-1

[Event "Troisdorf op"]
[Site "Troisdorf"]
[Date "2009.10.27"]
[Round "1"]
[White "Burmeister, Markus"]
[Black "Stier, Artem"]
[Result "1-0"]
[WhiteElo "1570"]
[BlackElo "1895"]
[PlyCount "91"]
[EventDate "2009.10.27"]
[EventType "swiss"]
[EventRounds "7"]
[EventCountry "GER"]
[SourceTitle "EXT 2011"]
[Source "ChessBase"]
[SourceDate "2010.11.26"]
[SourceVersion "1"]
[SourceVersionDate "2010.11.26"]
[SourceQuality "1"]

1. e4 e5 2. Nf3 Nc6 3. Bb5 Bc5 4. d3 d6 5. Be3 Bb6 6. 0-0 Nf6 7. Nbd2 0-0 8. Qe2 Bg4 9. c3 Qe7 10. Bg5 h6 11. Bh4 g5 12. Bg3 Nh5 13. Nc4 Nxg3 14. hxg3 f5 15. Ne3 Bxe3 16. Qxe3 f4 17. Qd2 fxg3 18. fxg3 d5 19. Bxc6 bxc6 20. exd5 cxd5 21. Rae1 Bxf3 22. gxf3 Rf5 23. Qe3 Rb8 24. Rf2 Rbf8 25. g4 Rf4 26. Qxe5 Qxe5 27. Rxe5 Rxf3 28. Rxf3 Rxf3 29. Rxd5 Rg3+ 30. Kh2 Rxg4 31. Rd8+ Kf7 32. Rd7+ Kg6 33. Rxc7 Ra4 34. a3 Kf5 35. Rf7+ Kg4 36. d4 h5 37. d5 Re4 38. Rf2 h4 39. d6 Re3 40. c4 Rh3+ 41. Kg1 Rd3 42. c5 h3 43. Rc2 Kf3 44. Rc3 Rxc3 45. bxc3 g4 46. d7 1-0

[Event "Troisdorf op"]
[Site "Troisdorf"]
[Date "2008.10.21"]
[Round "2"]
[White "Burmeister, Markus"]
[Black "Rozsa, Sandor"]
[Result "0-1"]
[WhiteElo "1642"]
[BlackElo "1644"]
[PlyCount "44"]
[EventDate "2008.10.14"]
[EventType "swiss"]
[EventRounds "7"]
[EventCountry "GER"]
[SourceTitle "EXT 2011"]
[Source "ChessBase"]
[SourceDate "2010.11.26"]
[SourceVersion "1"]
[SourceVersionDate "2010.11.26"]
[SourceQuality "1"]

1. d4 d5 2. c4 e6 3. Nc3 Bb4 4. Nf3 Nf6 5. Bg5 Nc6 6. a3 Bxc3+ 7. bxc3 Bd7 8. Ne5 h6 9. Bh4 g5 10. Bg3 Ne4 11. Qc2 h5 12. f3 Nxg3 13. hxg3 Qf6 14. Nxd7 Kxd7 15. e3 Qe7 16. Qa4 Qd6 17. Rh3 g4 18. c5 gxh3 19. cxd6 h2 20. Ba6 h1Q+ 21. Kf2 Qxa1 22. Bxb7 Qxc3 0-1

[Event "Troisdorf op"]
[Site "Troisdorf"]
[Date "2008.10.14"]
[Round "1"]
[White "Arlt, Klaus"]
[Black "Burmeister, Markus"]
[Result "1/2-1/2"]
[WhiteElo "2009"]
[BlackElo "1642"]
[PlyCount "127"]
[EventDate "2008.10.14"]
[EventType "swiss"]
[EventRounds "7"]
[EventCountry "GER"]
[SourceTitle "EXT 2011"]
[Source "ChessBase"]
[SourceDate "2010.11.26"]
[SourceVersion "1"]
[SourceVersionDate "2010.11.26"]
[SourceQuality "1"]

1. c4 c6 2. Nf3 Nf6 3. Nc3 d5 4. e3 e6 5. b3 Nbd7 6. Bb2 Bd6 7. Be2 0-0 8. Qc2 e5 9. cxd5 cxd5 10. Ng5 h6 11. h4 e4 12. Nh3 Nc5 13. Nb5 Bf5 14. Bc3 a6 15. Nxd6 Qxd6 16. Rc1 Rac8 17. Qb2 Bg4 18. Bf1 b5 19. Nf4 Qc6 20. Bd4 Qd6 21. f3 Bd7 22. Kf2 Rfe8 23. Be2 Bf5 24. Bxf6 gxf6 25. Nh5 Re6 26. b4 Nd3+ 27. Bxd3 Rxc1 28. Qxc1 exd3 29. Qc8+ Kh7 30. Nf4 Qxb4 31. Nxe6 Qxd2+ 32. Kg3 Bxe6 33. Qc5 Qxa2 34. Qd4 Qc4 35. Rd1 Bf5 36. Qxf6 Qc7+ 37. f4 Be4 38. Qb2 Qc2 39. Rd2 Qxb2 40. Rxb2 Kg6 41. Kf2 Bf5 42. Ke1 Kh5 43. Ra2 Kxh4 44. Rxa6 h5 45. Rf6 Be4 46. Rxf7 Bxg2 47. Kf2 Be4 48. Rb7 Kg4 49. Rxb5 h4 50. Rb8 h3 51. Rg8+ Kf5 52. Rg5+ Kf6 53. Rh5 Bg2 54. Ke1 Ke6 55. Kd2 Bf1 56. Kc3 Kd6 57. Rh6+ Ke7 58. Rg6 Bg2 59. Rh6 Bf1 60. Kd2 Kd7 61. f5 Ke7 62. Rg6 Bg2 63. Rh6 Bf1 64. Kc3 1/2-1/2

[Event "Troisdorf op"]
[Site "Troisdorf"]
[Date "2006.11.14"]
[Round "4"]
[White "Burmeister, Markus"]
[Black "Scholzen, Wolfgang"]
[Result "1/2-1/2"]
[WhiteElo "1531"]
[BlackElo "1969"]
[PlyCount "134"]
[EventDate "2006.10.24"]
[EventType "swiss"]
[EventRounds "7"]
[EventCountry "GER"]
[SourceTitle "EXT 2011"]
[Source "ChessBase"]
[SourceDate "2010.11.26"]
[SourceVersion "1"]
[SourceVersionDate "2010.11.26"]
[SourceQuality "1"]

1. e4 e5 2. Nf3 Nc6 3. Bc4 Bc5 4. b4 Bxb4 5. c3 Ba5 6. d4 exd4 7. Nxd4 Nxd4 8. Qxd4 Qf6 9. e5 Qg6 10. 0-0 Bb6 11. Qf4 Ne7 12. Ba3 Qf5 13. Qg3 Ng6 14. Nd2 Qf4 15. Qxf4 Nxf4 16. g3 Ne6 17. Ne4 a6 18. Kg2 Ba5 19. f4 b5 20. Bd5 Rb8 21. f5 Nd8 22. f6 g6 23. Rfe1 Ne6 24. Rab1 Bb7 25. Red1 Bxd5 26. Rxd5 d6 27. exd6 Kd7 28. dxc7+ Kxc7 29. Be7 Rb6 30. Rbd1 Rc6 31. a4 Bxc3 32. axb5 axb5 33. Rxb5 Ra8 34. Nd6 Ra2+ 35. Kf1 Rb6 36. Ne8+ Kc6 37. Rxb6+ Kxb6 38. Rd6+ Kb7 39. Rxe6 fxe6 40. f7 Ra1+ 41. Kg2 Ra2+ 42. Kh3 Rf2 43. f8Q Rxf8 44. Bxf8 Kc6 45. Bg7 Bxg7 46. Nxg7 Kd7 47. Kg4 e5 48. h4 Ke7 49. h5 Kf7 50. h6 Ke7 51. Kf3 Kf6 52. Ke4 Kg5 53. Kxe5 Kxh6 54. Ne6 Kh5 55. Kf4 g5+ 56. Nxg5 Kg6 57. Nxh7 Kxh7 58. Kf5 Kg7 59. g4 Kf7 60. g5 Kg7 61. g6 Kg8 62. Kf6 Kf8 63. Kg5 Kg7 64. Kf5 Kg8 65. Kf4 Kf8 66. Ke5 Kg7 67. Kf5 Kg8 1/2-1/2

[Event "Troisdorf op"]
[Site "Troisdorf"]
[Date "2006.10.24"]
[Round "1"]
[White "Froitzheim, Ralf"]
[Black "Burmeister, Markus"]
[Result "1-0"]
[WhiteElo "1810"]
[BlackElo "1531"]
[PlyCount "74"]
[EventDate "2006.10.24"]
[EventType "swiss"]
[EventRounds "7"]
[EventCountry "GER"]
[SourceTitle "EXT 2011"]
[Source "ChessBase"]
[SourceDate "2010.11.26"]
[SourceVersion "1"]
[SourceVersionDate "2010.11.26"]
[SourceQuality "1"]

1. c4 g6 2. Nc3 Bg7 3. g3 Nf6 4. Bg2 d6 5. e4 0-0 6. Nge2 Nbd7 7. 0-0 Ne8 8. d3 e5 9. Be3 c5 10. Qd2 Rb8 11. Bg5 f6 12. Bh6 a6 13. Bxg7 Kxg7 14. a4 Nc7 15. f4 b6 16. g4 b5 17. axb5 axb5 18. g5 b4 19. gxf6+ Nxf6 20. fxe5 dxe5 21. Nd5 Rb7 22. Qg5 Qd6 23. Ng3 h6 24. Qd2 Ncxd5 25. exd5 Bg4 26. Qe3 Rff7 27. Ra5 Rfc7 28. Re1 Ra7 29. Rea1 Rxa5 30. Rxa5 Bh5 31. h3 Bd1 32. Be4 Bh5 33. Ra8 Qe7 34. Qf2 Ra7 35. Rc8 Rc7 36. Rb8 Qd6 37. Qg2 Kh7 1-0

[Event "Troisdorf op"]
[Site "Troisdorf"]
[Date "2004.11.16"]
[Round "3"]
[White "Burmeister, Markus"]
[Black "Cohnen, Michael"]
[Result "1/2-1/2"]
[WhiteElo "1364"]
[BlackElo "1768"]
[PlyCount "76"]
[EventDate "2004.11.02"]
[EventType "swiss"]
[EventRounds "7"]
[EventCountry "GER"]
[SourceTitle "EXT 2006"]
[Source "ChessBase"]
[SourceDate "2005.11.24"]
[SourceVersion "1"]
[SourceVersionDate "2005.11.24"]
[SourceQuality "1"]

1. e4 d6 2. Nc3 Nf6 3. g3 g6 4. Bg2 Bg7 5. d3 0-0 6. f4 Nc6 7. h3 Nh5 8. Nce2 e5 9. c3 exf4 10. Bxf4 Nxf4 11. Nxf4 f5 12. Nge2 Kh8 13. Qc2 Qe8 14. 0-0-0 b5 15. Rde1 Rb8 16. exf5 Bxf5 17. Nd4 Nxd4 18. Rxe8 Nxc2 19. Rxb8 Rxb8 20. Kxc2 Re8 21. Kd2 Bh6 22. d4 Kg7 23. Re1 Bxf4+ 24. gxf4 Rxe1 25. Kxe1 Be6 26. a3 Kf6 27. Kf2 h5 28. h4 c5 29. dxc5 dxc5 30. Ke3 Bd7 31. Be4 a5 32. b4 cxb4 33. cxb4 a4 34. Bd3 Be8 35. Be4 Ke6 36. Kd4 Kd6 37. Bd5 Ke7 38. Ke5 Bd7 1/2-1/2

[Event "Troisdorf op"]
[Site "Troisdorf"]
[Date "2004.11.02"]
[Round "1"]
[White "Burmeister, Markus"]
[Black "Froitzheim, Ralf"]
[Result "0-1"]
[WhiteElo "1364"]
[BlackElo "1829"]
[PlyCount "81"]
[EventDate "2004.11.02"]
[EventType "swiss"]
[EventRounds "7"]
[EventCountry "GER"]
[SourceTitle "EXT 2006"]
[Source "ChessBase"]
[SourceDate "2005.11.24"]
[SourceVersion "1"]
[SourceVersionDate "2005.11.24"]
[SourceQuality "1"]

1. e4 c5 2. d4 cxd4 3. c3 dxc3 4. Nxc3 Nc6 5. Nf3 d6 6. Bc4 e6 7. 0-0 Nf6 8. Qe2 Be7 9. Rd1 e5 10. h3 0-0 11. b4 a6 12. b5 axb5 13. Nxb5 Be6 14. Bxe6 fxe6 15. Bb2 Ra4 16. Qc2 Rxe4 17. Ng5 Rb4 18. Nxe6 Qb6 19. Nxf8 Rxb5 20. Rab1 Bxf8 21. a4 Rc5 22. Qf5 Qd8 23. Ba3 Nd4 24. Qd3 Rc3 25. Qd2 Rxa3 26. Rxb7 Rxa4 27. Rdb1 Ra8 28. Rc1 Rc8 29. Qa2+ d5 30. Rcb1 h6 31. Qa7 Nc6 32. Qa6 Kh8 33. R1b6 Nd4 34. Qd3 Rc1+ 35. Kh2 Rc2 36. Qg3 Nf5 37. Qb3 Nd4 38. Qg3 Qe8 39. Ra6 Kg8 40. Raa7 Kh8 41. Rxg7 0-1